000 00650cam a22002172 4500
001 0000013111
005 20151217152121.0
008 090603s xx 000 0 eng d
020 _a0801671663 :
040 _aKABU
_cKABU
100 1 _aWardlaw, Gordon M.
_@0000155610
245 1 0 _aDiet analysis :
_bquick reference /
_cGordon M. Wardlaw, Paul M. Insel.
250 _a1st ed.
260 _aSt. Louis, MO. :
_bMosby-Year Book,
_c1992.
300 _a61 p.
650 0 _aFood
_xAnalysis.
_@0000156533
700 1 _aInsel, Paul M.
_@0000150227
852 1 _9p100 KES
908 _a090603
950 _@1
999 _c8446
_d8446